| 000 | 00484nam a2200157 i 4500 | ||
|---|---|---|---|
| 001 | 102082 | ||
| 003 | ES-MaACL | ||
| 005 | 20230906183036.0 | ||
| 007 | t| | ||
| 008 | 051103s1927 sp ||||1| spa d | ||
| 110 | 2 |
_aSociedad Sevillana de Conciertos. _96806 |
|
| 245 | 1 | 0 |
_aMemoria presentada por la Junta Directiva en 1927 / _cSociedad Sevillana de Conciertos. |
| 260 |
_aSevilla : _b[s.n.], _c1927 ( _fTip. Zarzuela) |
||
| 300 |
_a18 p. ; _c21 cm. |
||
| 852 |
_aES-MaACL _j1714-F-11 |
||
| 999 |
_c102082 _d102082 |
||